000 00394nam a2200133Ia 4500
008 220217s9999||||xx |||||||||||||| ||und||
020 _a81-265-0805-1
082 _a005.14 TIA
100 _aTian, Jeff
_95357
245 0 _aSoftware quality engineering, testing quality assurance and
260 _aJohn wiely and sons, Inc.
_bNew York
_c2006
300 _b299
650 _aSOFTWARE TESTING
999 _c176272
_d176272